000 01110nac a22003371i 4500
003 EG-ScBUE
005 20260426091813.0
008 260426r20041999ii a f 001 0 eng d
020 _a9780070588868
020 _a0070588864
035 _a(DLC) 99027788
040 _aEG-ScBUE
_beng
_erda
_cEG-ScBUE
_dEG-ScBUE
082 0 4 _a539.076
_bGAU
_222
100 1 _aGautreau, Ronald,
_eauthor.
245 1 0 _aSchaum's outline of theory and problems of modern physics /
_cRonald Gautreau, William Savin.
246 3 0 _aTheory and problems of modern physics
246 3 0 _aModern physics
250 _aSecond edition.
250 _aReprint edition.
264 1 _aNew Delhi :
_bTata McGraw-Hill Pub. Co.,
_c2004.
300 _aix, 338 pages :
_billustrations ;
_c28 cm.
336 _2rdacontent
_atext
_btxt
337 _aunmediated
_2rdamedia
_bn
338 _avolume
_bnc
_2rdacarrier
490 0 _aSchaum's outline series
500 _aIncludes index.
650 0 _aPhysics
_vProblems, exercises, etc.
_2BUEsh
655 _vReading book
700 1 _aSavin, William,
_eauthor.
942 _cBB
_2ddc
999 _c1400
_d1400